| 000 | 00343nam a2200133Ia 4500 | ||
|---|---|---|---|
| 008 | 240624s9999 xx 000 0 und d | ||
| 041 | _aeng | ||
| 082 | _a658.406 NEY | ||
| 100 | _aNEY STEVEN | ||
| 245 | _aPUTTING DESIGN THINKING TO WORK HOW LARG | ||
| 260 |
_c2019 _aSwitzerland _bSpringer |
||
| 300 | _aviii,192P. ;23cm. | ||
| 365 |
_cERU _b33 |
||
| 999 |
_c32726 _d32726 |
||